000 00817nam a2200241Ia 4500
003 OSt
005 20220923221748.0
006 a|||||r|||| 00| 0
007 ta
008 220922b |||||||| |||| 00| 0 hin d
024 _a199,881
037 _cTextual
040 _aARTS
_cARTS
_bhin
041 _2hin
_ahin
082 _aQ22v211.D, 152M6
100 _aसेठ, रविन्द्र कुमार
245 0 _aतमिल वैष्णव कवि आक्वार
246 _aTamil vaiṣhṇav kavi ākvāra
260 _aनई दिल्ली
_b साहित्य शोध संस्थान
_c1086
300 _a180पृ.
_ccm.
942 _hQ22v211.D, 152M6
_cTEXL
_2CC
999 _c351583
_d351583